<?xml version="1.0" encoding="UTF-8"?><?xml-stylesheet type="text/xsl" href="static/style.xsl"?><OAI-PMH xmlns="http://www.openarchives.org/OAI/2.0/" xmlns:xsi="http://www.w3.org/2001/XMLSchema-instance" xsi:schemaLocation="http://www.openarchives.org/OAI/2.0/ http://www.openarchives.org/OAI/2.0/OAI-PMH.xsd"><responseDate>2026-04-13T00:03:29Z</responseDate><request verb="GetRecord" identifier="oai:www.recercat.cat:2072/470478" metadataPrefix="marc">https://recercat.cat/oai/request</request><GetRecord><record><header><identifier>oai:recercat.cat:2072/470478</identifier><datestamp>2025-05-08T14:35:32Z</datestamp><setSpec>com_2072_98</setSpec><setSpec>col_2072_378192</setSpec></header><metadata><record xmlns="http://www.loc.gov/MARC21/slim" xmlns:dcterms="http://purl.org/dc/terms/" xmlns:xsi="http://www.w3.org/2001/XMLSchema-instance" xmlns:doc="http://www.lyncode.com/xoai" xsi:schemaLocation="http://www.loc.gov/MARC21/slim http://www.loc.gov/standards/marcxml/schema/MARC21slim.xsd">
   <leader>00925njm 22002777a 4500</leader>
   <datafield ind2=" " ind1=" " tag="042">
      <subfield code="a">dc</subfield>
   </datafield>
   <datafield ind2=" " ind1=" " tag="720">
      <subfield code="a">Bulbena Vilarrasa, Antonio</subfield>
      <subfield code="e">author</subfield>
   </datafield>
   <datafield ind2=" " ind1=" " tag="720">
      <subfield code="a">Rosado, Silvia</subfield>
      <subfield code="e">author</subfield>
   </datafield>
   <datafield ind2=" " ind1=" " tag="720">
      <subfield code="a">Cabaleiro, Marina</subfield>
      <subfield code="e">author</subfield>
   </datafield>
   <datafield ind2=" " ind1=" " tag="720">
      <subfield code="a">Martinez, María</subfield>
      <subfield code="e">author</subfield>
   </datafield>
   <datafield ind2=" " ind1=" " tag="720">
      <subfield code="a">Baeza-Velasco, Carolina</subfield>
      <subfield code="e">author</subfield>
   </datafield>
   <datafield ind2=" " ind1=" " tag="720">
      <subfield code="a">Martin, Luis-Miguel</subfield>
      <subfield code="e">author</subfield>
   </datafield>
   <datafield ind2=" " ind1=" " tag="720">
      <subfield code="a">Batlle-Vila, Santiago</subfield>
      <subfield code="e">author</subfield>
   </datafield>
   <datafield ind2=" " ind1=" " tag="720">
      <subfield code="a">Bulbena-Cabre, Andrea</subfield>
      <subfield code="e">author</subfield>
   </datafield>
   <datafield ind2=" " ind1=" " tag="260">
      <subfield code="c">2023</subfield>
   </datafield>
   <datafield ind2=" " ind1=" " tag="520">
      <subfield code="a">The link between anxiety disorders and joint hypermobility syndrome (now under hypermobility spectrum disorders, which include hypermobile Ehlers-Danlos syndrome) has been widely replicated over the past 30 years and has grown beyond the initial nosological limits. To integrate clinical and research progress in this field, a new neuroconnective endophenotype (NE) and its corresponding instrument, the Neuroconnective Endophenotype Questionnaire (NEQ), have been developed. This new clinical construct, created with the active participation of patients, includes both somatic and psychological dimensions and symptoms and resilience items. The NE includes five dimensions: (1) sensorial sensitivity, (2) body signs and symptoms, (3) somatic conditions, (4) polar behavioral strategies, and (5) psychological and psychopathological dimensions. The NEQ information is collected through four self-administered questionnaires (sensorial sensitivity, body signs and symptoms, polar behavioral strategies, and psychological characteristics) and a structured diagnostic part that should be completed by a trained observer. This hetero-administered part incorporates (a) psychiatric diagnoses (using structured criteria, e.g., MINI), (b) somatic disorders diagnosis, using structured criteria, and (c) assessment of joint hypermobility criteria. In a sample of 36 anxiety cases with 36 matched controls, the NEQ obtained high scores for test-retest, inter-rater reliability, and internal consistency. As for predictive validity, cases and controls significantly differed in all five dimensions and hypermobility measurements. We can conclude that the NEQ has achieved acceptable reliability and validity values and, therefore, is ready to be used and tested in different samples. This original and consistent construct including somatic and mental items may improve clinical specificity, the search for more comprehensive therapies, and their genetic and neuroimaging bases.</subfield>
   </datafield>
   <datafield tag="653" ind2=" " ind1=" ">
      <subfield code="a">Ehlers-Danlos syndrome</subfield>
   </datafield>
   <datafield tag="653" ind2=" " ind1=" ">
      <subfield code="a">Anxiety</subfield>
   </datafield>
   <datafield tag="653" ind2=" " ind1=" ">
      <subfield code="a">Psychosomatic medicine</subfield>
   </datafield>
   <datafield tag="653" ind2=" " ind1=" ">
      <subfield code="a">Reliability</subfield>
   </datafield>
   <datafield tag="653" ind2=" " ind1=" ">
      <subfield code="a">Validity</subfield>
   </datafield>
   <datafield tag="653" ind2=" " ind1=" ">
      <subfield code="a">Joint hypermobility</subfield>
   </datafield>
   <datafield tag="653" ind2=" " ind1=" ">
      <subfield code="a">Neuroconnective endophenotype</subfield>
   </datafield>
   <datafield ind2="0" ind1="0" tag="245">
      <subfield code="a">Validation of the neuroconnective endophenotype questionnaire (NEQ) : a new clinical tool for medicine and psychiatry resulting from the contribution of Ehlers-Danlos syndrome</subfield>
   </datafield>
</record></metadata></record></GetRecord></OAI-PMH>